Pelbagai cara memperbanyakkan tanaman

Bibliographic Details
Format: Book
Published: Kuala Lumpur : Synergy Media
Series:Kaedah praktikal mengatasi permasalahan
Subjects:

MARC

LEADER 00000cam a2200000 7i4500
001 0000005785
005 20090607.0
008 070809
020 |a 9831973933 
090 0 0 |a 630 PEL 
245 0 0 |a Pelbagai cara memperbanyakkan tanaman 
260 |a Kuala Lumpur :   |b Synergy Media 
440 |a Kaedah praktikal mengatasi permasalahan 
500 |a Memaparkan secara jelas dan terperinci pelbagai teknik memperbanyakkan tanaman. 
650 0 |a Agriculture and related technologies 
999 |a 0000934625   |b Book   |c Adult Collection   |e Cawangan Tangkak 
999 |a 0000934626   |b Book   |c Adult Collection   |e Cawangan Tangkak 
999 |a 0000980830   |b Book   |c Adult Collection   |e Cawangan Mersing 
999 |a 0000980832   |b Book   |c Adult Collection   |e Perbadanan Perpustakaan Awam Johor 
999 |a 0000980833   |b Book   |c Adult Collection   |e Cawangan Mersing 
999 |a 0000980834   |b Book   |c Adult Collection   |e Cawangan Bandar Tenggara